000 00299nam a22001337a 4500
008 181107b xxu||||| |||| 00| 0 eng d
020 _a0132904527
041 _aeng
080 _22nd
_a330
100 _a58
101 _aBIZ
245 _aEthical Theory Business
_cBeauchamp,T.L
942 _2udc
_cBK
999 _c52091
_d52091